Toprak ağalığı ve kürt sorunu / (Record no. 13047)

MARC details
000 -BAŞLIK
Sabit Uzunlukta Kontrol Alanı 00811nam a22002537a 4500
999 ## - SİSTEM KONTROL NUMARALARI (KOHA)
Koha Biblionumber 13047
Koha Biblioitemnumber 13047
003 - KONTROL NUMARASI IDENTIFIER
Denetim Alanı MIRAKIL
005 - SON İŞLEM TARİHİ VE ZAMANI
Denetim Alanı 20211214000613.0
008 - SABİT-BOY VERİ ELEMANLARI - GENEL BİLGİLER
Sabit Uzunlukta Kontrol Alanı 190325b tu ||||| |||| 00| 0 tur d
020 ## - ULUSLARARASI STANDART KİTAP NUMARASI
Uluslararası Standart Kitap Numarası 9789753435772
040 ## - KATALOGLAMA KAYNAK
Orijinal Kataloglama Ajansı TR-AnCHP
Metne Dönüştürmek Ajansı TR-AnCHP
041 ## - DİL KODU
Metin / Ses Parça Veya Ayrı Başlığın Dil Kodu tur
082 ## - DEWEY ONLU SINIFLANDIRMA NUMARASI
Sınıflandırma Numarası 323.1191590561
Ürün Numarası P36t 2010
100 ## - ANA GİRİŞ - KİŞİSEL İSİM
Kişisel Ad Perinçek, Doğu
245 10 - BAŞLIK TABLOSU
Başlık Toprak ağalığı ve kürt sorunu /
Sorumluluk Tablosu, Vb Doğu Perinçek.
250 ## - EDITION TABLOSU
Baskı Beyanı 4.bs.
260 ## - YAYIN, DAĞITIM, VB
Yayın, Dağıtım, Vb Yeri İstanbul :
Yayıncı, Dağıtıcı, Vs Adı Kaynak yayınları ;
Yayın, Dağıtım, Vb Tarihi 2010.
300 ## - FİZİKSEL TANIM
Kapsam 228 s.:
Boyutlar 19 sm.
490 0# - SERİSİ TABLOSU
Seri Beyanı Kaynak yayınları ;
-- Doğu Perinçek'in Eserleri ;
-- Kemalist devrim ;
Hacim / Ardışık Tanımı 560.
-- 39.
-- 7.
504 ## - KAYNAKÇA VB NOT
Kaynakça Vb Notu Kaynakça ve dizin vardır.
650 #0 - KONU KATMA GİRİŞ - TOPİKAL DÖNEM
Topikal Süreli Veya Coğrafi Ad Giriş Elemanı Siyaset ve yönetim
Genel Alt Bölümü Türkiye
9 (RLIN) 9
650 #0 - KONU KATMA GİRİŞ - TOPİKAL DÖNEM
9 (RLIN) 858
Topikal Süreli Veya Coğrafi Ad Giriş Elemanı Toprak reformu
Genel Alt Bölümü Türkiye
650 #0 - KONU KATMA GİRİŞ - TOPİKAL DÖNEM
9 (RLIN) 639
Topikal Süreli Veya Coğrafi Ad Giriş Elemanı Kürt sorunu
Genel Alt Bölümü Türkiye
942 ## - EKLENDİ GİRİŞ ELEMANLARI (KOHA)
Sınıflandırma Veya Raf Düzeni Kaynak Dewey Decimal Classification
Koha Öğesi Türü Books
Holdings
Kalıcı Konum Mevcut Konum Edinme Tarihi Toplam Check-Out'Lar Tam Çağrı Numarası Barkod Tarih Son Görülme İtibaren Geçerli Fiyatlar Koha Öğesi Türü
CHP Kütüphanesi CHP Kütüphanesi 03/25/2019   323.1191590561 P36t 2010 019098 03/25/2019 03/25/2019 Books